000 00845nam a2200265 a 4500
003 AR-BaBNM
005 20251128205232.0
008 082120s2002 ||||||||||||||000 | spa||
020 _a84-207-1848-3
040 _cAR-BaBNM
100 1 _aMedina Rubio, Rogelio
245 0 0 _aOrganización de la administración educativa española
260 _aSalamanca
_bAnaya
_c1977
300 _a68 p.
_bdiagr.
490 0 _aTemas monográficos de educación
500 _aContiene en anexo: organigramas de los servicios centrales y periféricos del Ministerio de Educación y Ciencia
504 _aBibliografía: p. 52
650 4 _aORGANIZACION DE LA EDUCACION
650 4 _aADMINISTRACION DE LA EDUCACION
650 4 _aADMINISTRACION ESCOLAR
650 4 _aHISTORIA DE LA EDUCACION
651 4 _aEspaña
942 _cBK
998 _csilvi
999 _c10538
_d10538